1674 1116 1666 1734 1369 1445 1984 1298 1548 1023 1469 1567 1280 1037 1886 1843 1878 1441 1060 1697 1093 1392 1272 1906 1777 1552 1085 1566 1783 1505 1613 1228 1306 1034 1844 1796 1874 1014 1879 1967 1850 1902 1637 1301 1070 1088 1153 1173 1986 1826 1939 1767 1810 1958 1702 1344 1442 1487 1713 1499 1594 1466 1904 1206 1847 1718 1654 1596 1265 1152 1478 1518 1742 2000 1793 1236 1085 1134 1341 1878 1374 1973 1078 1492 1122 1310 1140 1520 1833 1335 1017 1013 1274 1091 1489 1804 1564 1891 1345 BCNSPRNW ULIB Ver.6.0+V

เปลี่ยนเป็นภาษาไทย

Change to English
 แสดงรายละเอียดบรรณานุกรม
  กลับหน้าหลัก

Brief Record : Get Marc (ISO 2709) : E-mail record : QR code < ปิดหน้าต่าง
LEADER : 00000nam 2200000uu 4500
001    13399114540
003     ULIB
008    120411s2549||||th 000 0 tha d
020    ^a9746453505 (ล.2)
060 04 ^aWA525^bม246ส ล.1-2 2549
245 00 ^aสุขภาพกับการพัฒนา =^bHealth and Development หน่วยที่ 9-15 /^cมหาวิทยาลัยสุโขทัยธรรมาธิราช
246 13 ^aเอกสารการสอนชุดวิชาสุขภาพกับการพัฒนา
246 31 ^aHealth and Development
250    ^aพิมพ์ครั้งที่ 2
260    ^aนนทบุรี :^bสำนักพิมพ์มหาวิทยาลัยสุโขทัยธรรมาธิราช,^c2549
300    ^a2 ล. :^bภาพประกอบ ;^c30 ซม.
500    ^aเอกสารการสอนชุดวิชาสุขภาพกับการพัฒนา
500    ^a"เอกสารการสอนชุดวิชา 53203 หน่วยที่ 1-8 (ล.1), 9-15 (ล.2)"
500    ^aสิ่งพิมพ์ของมหาวิทยาลัยสุโขทัยธรรมาธิราช
500    ^aSend to Single Search
591    ^aLIRV มีหน่วยที่ 9-15 (ล.2)
650  4 ^aสุขภาพและอนามัย
650  4 ^aการส่งเสริมสุขภาพ
710 2  ^aมหาวิทยาลัยสุโขทัยธรรมาธิราช. ^bสาขาวิชาวิทยาศาสตร์สุขภาพ
945    ^p0^l0^i14661
945    ^p0^l0^i14663
945    ^p0^l0^i14664
995    ^aกัณชพร
999 ^a ใช้งานได้ทุกระบบ
รายการนี้ยังไม่มีแท็ก
คุณยังไม่ได้ล็อกอิน คุณสามารถมีกิจกรรมร่วมกับเว็บไซต์ได้ แต่ต้องล็อกอินก่อน ::
  ล็อกอิน

รายการสื่อสารสนเทศ

ลำดับที่ ประเภท เลขเรียก/บาร์โค้ด สถานที่ สถานะ
- ไม่พบข้อมูล -

รายการใกล้เคียง
    หัวเรื่อง [สุขภาพและอนามัย]
    หัวเรื่อง [การส่งเสริมสุขภาพ]

BibComment


ยังไม่เคยถูกคอมเมนท์

คอมเมนท์ทรัพยากรรายการนี้
  คอมเมนท์: สุขภาพกับการพัฒน..


 Copyright 2026. Bcnsprnw @Library